000 00694nas1a22002051i 4500
001 rc\1139613
005 20240726061916.0
035 _a(NLR Aleph) 006429969
090 _a5538581
_c5538581
100 _a20041129a19809999u |0rusy50 ca
101 0 _arus
102 _aRU
200 1 _aИдеологическая борьба на современном этапе. Теория и практика пропаганды
_eУказ. реф. ИНИОН
_fАН СССР, Ин-т науч. информ. по обществ. наукам
210 _aМ.
_d1980-
225 1 _aИРИ
333 _aДСП
801 0 _aRU
_bNLR
_gpsbo
801 1 _aRU
_bELAR
_2rusmarc
852 _aNLR
_jП25/117
942 _cSE